La maldición de Lono /
Crónica que se publicó originalmente en 1983 del maestro del periodismo gonzo Hunter S. Thompson a partir de una invitación que recibió para cubrir un maratón en Honolulu, Hawai. Las circunstancias y las condiciones del evento tornan el viaje en una espiral de locura y terribles tragedias, al grado...
Tallennettuna:
| Päätekijä: | |
|---|---|
| Aineistotyyppi: | Kirja |
| Kieli: | espanja |
| Julkaistu: |
México : Monterrey, México :
Sexto Piso ; UANL,
2016, c2016
|
| Sarja: | (Sexto Piso Realidades)
|
| Aiheet: | |
| Tagit: |
Ei tageja, Lisää ensimmäinen tagi!
|
MARC
| LEADER | 00000nam^a2200000^a^4500 | ||
|---|---|---|---|
| 001 | 000579594 | ||
| 005 | 20250521000000.0 | ||
| 009 | 20260310132532.38 | ||
| 020 | |a 978-84-16358-99-1 | ||
| 037 | |a Acervo ITESO - Biblioteca | ||
| 041 | |a ESP | ||
| 082 | |a 813. |b THO | ||
| 100 | |a Thompson, Hunter S. |e (autor) | ||
| 245 | 1 | 3 | |a La maldición de Lono / |c H.S. Thompson ; tr. por Jesús Gómez Gutiérrez. |
| 264 | 4 | |a México : |b Sexto Piso ; |a Monterrey, México : |b UANL, |c 2016, c2016 | |
| 300 | |a 204 p. | ||
| 336 | |a texto |b txt |2 rdacontenido | ||
| 337 | |a sin mediación |b n |2 rdamedio | ||
| 338 | |a volumen |b nc |2 rdasoporte | ||
| 440 | 1 | |a (Sexto Piso Realidades) | |
| 500 | |a Traducción de: The Curse of Lono | ||
| 520 | |a Crónica que se publicó originalmente en 1983 del maestro del periodismo gonzo Hunter S. Thompson a partir de una invitación que recibió para cubrir un maratón en Honolulu, Hawai. Las circunstancias y las condiciones del evento tornan el viaje en una espiral de locura y terribles tragedias, al grado de que el propio Thompson terminó proclamando ante los locales que era la reencarnación del dios Lono. Thompson nunca terminó de escribir la obra, y lo que se publicó fueron fragmentos mal estructurados y pobremente escritos de su atormentadora experiencia, situación que incrementó su aura de escritor maldito. | ||
| 521 | |a FIL 2023 DIA | ||
| 649 | |a XX | ||
| 650 | |a Periodistas Norteamericanos | ||
| 650 | |a Escritores Norteamericanos | ||
| 650 | |a Dioses - |z Hawai, EUA | ||
| 650 | |a Crónicas Norteamericanas | ||
| 650 | |a Artículos Periodísticos Norteamericanos | ||
| 650 | |a Prosa Literaria Norteamericana | ||
| 650 | |a Literatura Norteamericana - |y Siglo XX | ||
| 650 | |a Literatura y Periodismo - |z EUA | ||
| 650 | |a Literatura Autobiográfica - |z EUA | ||
| 650 | |a Conducta Autodestructiva | ||
| 650 | |a Drogas | ||
| 650 | |a Adicciones | ||
| 650 | |a Delirio - |x Tema Principal | ||
| 650 | |a Psicosis | ||
| 650 | |a Maratón (Deportes) - |z Honolulú (Hawai), EUA | ||
| 650 | |a Contracultura - |z EUA - |x Historia - |y Siglo XX | ||
| 650 | |a Cultura - |z EUA - |x Historia | ||
| 650 | |a Periodismo - |z EUA - |x Historia - |y Siglo XX | ||
| 650 | |a Comunicación Masiva - |z EUA - |x Historia - |y Siglo XX | ||
| 650 | |a Thompson, Hunter S. - |x Tema Principal | ||
| 650 | |a Honolulú (Hawai), EUA - |x Descripción | ||
| 650 | |a Honolulú (Hawai), EUA - |x Condiciones Sociales y Culturales | ||
| 910 | |a Fondo General | ||
| 920 | |a Impresos - Libros | ||
| 930 | |a Colección General | ||
| 940 | |a Literatura | ||
| 905 | |a 101 | ||
| 901 | |a 0500406186 |b IT1 |c LIT |i C185224 |u 20250521 | ||
| 902 | |a https://opac.biblio.iteso.mx/vufind/Record/000579594 | ||